[Event "Mistrzostwa Stowarzyszenia CROSS"]
[Site "Warszawa"]
[Date "2012.04.20"]
[Round "1"]
[White "Dukaczewski, Piotr"]
[Black "Falkowski, Dawid"]
[Result "0-1"]
[WhiteElo "2310"]
[BlackElo "2005"]
[PlyCount "78"]
[EventDate "2012.04.20"]
[EventType "tourn"]
[EventRounds "1"]
[EventCountry "POL"]
[SourceDate "2012.04.20"]

1. e4 e5 2. Nf3 Nc6 3. d4 exd4 4. c3 d5 5. exd5 Qxd5 6. cxd4 Bg4 7. Be2 Nf6 8.
Nc3 Qd7 9. d5 Bxf3 10. Bxf3 Ne5 11. Be2 Bb4 12. O-O O-O 13. Bg5 Qf5 14. f4 Bc5+
15. Kh1 Neg4 16. Bd3 Qd7 17. h3 Ne3 18. Qf3 Nfxd5 19. Rad1 c6 20. Ne4 Bd4 21.
Nf6+ Bxf6 22. Bxf6 gxf6 23. Qh5 f5 24. Rf3 f6 25. Rxe3 Nxe3 26. Bc4+ Nd5 27. g4
Qe6 28. Bd3 Qf7 29. Qh4 Ne3 30. Rd2 Rad8 31. Kg1 Rd4 32. Qf2 Re8 33. b3 Qd7 34.
Bc4+ Kh8 35. Re2 Nxc4 36. Rxe8+ Qxe8 37. Qxd4 Qe3+ 38. Qxe3 Nxe3 39. Kf2 Nxg4+
0-1

[Event "Mistrzostwa Stowarzyszenia CROSS"]
[Site "Warszawa"]
[Date "2012.04.20"]
[Round "1"]
[White "Gunajew, Rafal"]
[Black "Zoltek, Tadeusz"]
[Result "1/2-1/2"]
[WhiteElo "2243"]
[BlackElo "2180"]
[PlyCount "144"]
[EventDate "2012.04.20"]
[EventType "tourn"]
[EventRounds "1"]
[EventCountry "POL"]
[SourceDate "2012.04.20"]

1. e4 e6 2. d4 d5 3. Nc3 Nf6 4. e5 Nfd7 5. f4 c5 6. Nf3 Nc6 7. Be3 cxd4 8. Nxd4
Bc5 9. Qd2 O-O 10. O-O-O a6 11. Qf2 Nxd4 12. Bxd4 Bxd4 13. Qxd4 b5 14. Bd3 Bb7
15. Ne2 f6 16. exf6 Qxf6 17. g3 Rac8 18. Kb1 Nc5 19. Rhe1 Rfe8 20. Qe5 Nd7 21.
Qd6 Nc5 22. Qe5 Nd7 23. Qe3 e5 24. fxe5 Nxe5 25. Rf1 Ng4 26. Qg1 Qe5 27. Qb6
Qc7 28. Qxc7 Rxc7 29. Rf4 Ne3 30. Rc1 g5 31. Rf6 Kg7 32. Rb6 Nc4 33. Bxc4 dxc4
34. Nd4 Bc8 35. a4 bxa4 36. Rf1 c3 37. Nf5+ Bxf5 38. Rxf5 cxb2 39. Kxb2 Re2 40.
Rxg5+ Kf7 41. Rh6 Rcxc2+ 42. Ka3 Ra2+ 43. Kb4 Reb2+ 44. Ka5 Rxh2 45. Rxh2 Rxh2
46. Kxa4 Rb2 47. Ka5 Kf6 48. Rg8 Ra2+ 49. Kb4 h6 50. Kb3 Rd2 51. Kb4 Kf7 52.
Ra8 Rd6 53. Kc5 Rf6 54. Kd5 Kg6 55. Ke4 Kg5 56. Ke3 Kg4 57. Rg8+ Kh3 58. Ke4
Rb6 59. g4 Kh4 60. Kf4 Rb4+ 61. Kf3 Rb6 62. Kf4 a5 63. Ra8 Rb4+ 64. Kf3 a4 65.
Ra6 Kg5 66. Ra5+ Kf6 67. Ra6+ Ke5 68. Rxh6 Rb3+ 69. Ke2 a3 70. Ra6 Rb2+ 71. Kd3
Rg2 72. Kc3 Rxg4 1/2-1/2

[Event "Mistrzostwa Stowarzyszenia CROSS"]
[Site "Warszawa"]
[Date "2012.04.20"]
[Round "1"]
[White "Stachanczyk, Jacek"]
[Black "Wolanski, Michal"]
[Result "1-0"]
[WhiteElo "2243"]
[BlackElo "1961"]
[Annotator "M"]
[PlyCount "107"]
[EventDate "2012.04.20"]
[EventType "tourn"]
[EventRounds "1"]
[EventCountry "POL"]
[SourceDate "2012.04.20"]

1. e4 e5 2. Nc3 Nc6 3. f4 exf4 4. Nf3 d6 5. d4 Nf6 6. Bxf4 Bg4 7. Qd3 Qe7 8.
O-O-O O-O-O 9. d5 Ne5 10. Qe3 c5 11. Bxe5 dxe5 12. Nb5 b6 13. Qa3 a5 14. h3
Bxf3 15. Qxf3 Ne8 16. Qf5+ Kb8 17. d6 Nxd6 18. Nxd6 Rxd6 19. Ba6 Qe6 20. Qxe6
fxe6 21. Rhf1 Rxd1+ 22. Kxd1 Be7 23. Rf7 Rd8+ 24. Ke2 Bf6 25. Rb7+ Ka8 26. Rxb6
Ka7 27. Rxe6 Rd4 28. c3 Rxe4+ 29. Kd3 Rf4 30. Bc4 Rf2 $11 31. Ra6+ Kb8 32. Rxa5
Rxb2 33. Bd5 Be7 34. Be4 h6 35. Kc4 Rd2 36. Kb5 Kc7 37. Ra7+ Kd6 38. Bf5 Rb2+
39. Kc4 Bf6 40. Be4 Be7 $11 41. a4 Ra2 42. Ra6+ Kd7 43. a5 Bd8 44. Ra7+ Bc7 45.
a6 Kd6 46. Ra8 Ra4+ 47. Kb3 Ra5 48. c4 Ke7 49. Bc6 Ra1 50. Kb2 Ra5 51. Be4 Ra4
52. Kc3 Bd8 53. Bc6 Ra1 54. a7 1-0

[Event "Mistrzostwa Stowarzyszenia CROSS"]
[Site "Warszawa"]
[Date "2012.04.20"]
[Round "1"]
[White "Suder, Ryszard"]
[Black "Hagner, Pawel"]
[Result "0-1"]
[WhiteElo "2191"]
[BlackElo "1777"]
[PlyCount "118"]
[EventDate "2012.04.20"]
[EventType "tourn"]
[EventRounds "1"]
[EventCountry "POL"]
[SourceDate "2012.04.20"]

1. Nf3 g6 2. g3 Bg7 3. Bg2 Nf6 4. O-O O-O 5. c4 d6 6. d4 c5 7. Nc3 Nc6 8. h3 a6
9. Be3 cxd4 10. Nxd4 Nxd4 11. Bxd4 Rb8 12. Rc1 Bd7 13. Qd3 Bc6 14. Rfd1 Bxg2
15. Kxg2 Qd7 16. a4 Rbc8 17. Kh2 Rfe8 18. b3 Qc6 19. e4 Nd7 20. Bxg7 Kxg7 21.
Nd5 Ne5 22. Qe3 Nd7 23. f3 Qc5 24. Qc3+ Kg8 25. Kg2 e6 26. Nf4 Ne5 27. Nd3 Nxd3
28. Qxd3 Rcd8 29. h4 h5 30. Rc2 Rd7 31. Rcd2 Red8 32. Qc3 b5 33. Qa5 Qe3 34.
cxb5 axb5 35. Qxb5 e5 36. Qd3 Qb6 37. Qd5 Qe3 38. b4 Qa3 39. Qb5 Qe3 40. a5 Qa7
41. Qa4 Qe3 42. Qc2 Rb8 43. Rd3 Qa7 44. Qd2 Qa6 45. Rd5 Qc4 46. Rb1 Rb5 47.
Rxb5 Qxb5 48. Kf2 d5 49. Qe2 Qb7 50. a6 Qb6+ 51. Kg2 d4 52. Rb3 Ra7 53. f4 exf4
54. gxf4 Rxa6 55. b5 Ra1 56. Qd3 Re1 57. Rb4 Qe6 58. f5 Qa2+ 59. Kf3 Re3+ 0-1

[Event "Mistrzostwa Stowarzyszenia CROSS"]
[Site "Warszawa"]
[Date "2012.04.20"]
[Round "1"]
[White "Mackowiak, Marek"]
[Black "Stolarczyk, Anna"]
[Result "1-0"]
[WhiteElo "2195"]
[BlackElo "1999"]
[PlyCount "75"]
[EventDate "2012.04.20"]
[EventType "tourn"]
[EventRounds "1"]
[EventCountry "POL"]
[SourceDate "2012.04.20"]

1. c4 c6 2. d4 d5 3. e3 e6 4. Nc3 f5 5. a3 a5 6. c5 e5 7. Bd2 exd4 8. exd4 b5
9. cxb6 Qxb6 10. Nf3 Qxb2 11. Na4 Qb7 12. Ne5 Nf6 13. Rb1 Qc7 14. Nb6 Ra7 15.
Nxc8 Qxc8 16. Rxb8 Qxb8 17. Nxc6 Qa8 18. Nxa7 Qxa7 19. Qa4+ Kf7 20. Bd3 Qe7+
21. Kd1 g6 22. Qxa5 Qxa3 23. Qc7+ Be7 24. Re1 Ne4 25. Bxe4 fxe4 26. Re3 Qa1+
27. Ke2 Qa6+ 28. Ke1 Rc8 29. Qf4+ Qf6 30. Rb3 Rc4 31. Rb7 Qxf4 32. Bxf4 Ke6 33.
Rb6+ Kf5 34. Be3 Rb4 35. Ra6 h5 36. h3 h4 37. g4+ hxg3 38. fxg3 1-0

[Event "Mistrzostwa Stowarzyszenia CROSS"]
[Site "Warszawa"]
[Date "2012.04.20"]
[Round "1"]
[White "Ruszczycki, Jacek"]
[Black "Kulpinski, Piotr"]
[Result "0-1"]
[WhiteElo "1901"]
[BlackElo "1965"]
[PlyCount "62"]
[EventDate "2012.04.20"]
[EventType "tourn"]
[EventRounds "1"]
[EventCountry "POL"]
[SourceDate "2012.04.20"]

1. e4 d5 2. exd5 Qxd5 3. Nc3 Qa5 4. Nf3 Nf6 5. Bc4 Bg4 6. d4 e6 7. Bd2 c6 8. h3
Bh5 9. Qe2 Qd8 10. g4 Bg6 11. Bg5 Be7 12. O-O-O Nbd7 13. Nh4 Nd5 14. Bxe7 Nxc3
15. Bxd8 Nxe2+ 16. Bxe2 Rxd8 17. f4 Be4 18. Bf3 Bd5 19. Rhe1 O-O 20. Bxd5 exd5
21. Re7 Rfe8 22. Rde1 Rxe7 23. Rxe7 Kf8 24. Re3 Nf6 25. Kd2 Ne4+ 26. Kd3 Re8
27. Re2 Re6 28. Nf3 Rh6 29. h4 Rg6 30. g5 Ng3 31. a4 Nxe2 0-1

[Event "Mistrzostwa Stowarzyszenia CROSS"]
[Site "Warszawa"]
[Date "2012.04.21"]
[Round "2"]
[White "Falkowski, Dawid"]
[Black "Kulpinski, Piotr"]
[Result "0-1"]
[WhiteElo "2005"]
[BlackElo "1965"]
[PlyCount "124"]
[EventDate "2012.04.20"]
[EventType "tourn"]
[EventRounds "1"]
[EventCountry "POL"]
[SourceDate "2012.04.20"]

1. e4 c6 2. d4 d5 3. Nc3 dxe4 4. Nxe4 Bf5 5. Ng3 Bg6 6. h4 h6 7. Nf3 Nd7 8. h5
Bh7 9. Bd3 Bxd3 10. Qxd3 e6 11. Bd2 Ngf6 12. O-O-O Be7 13. Ne4 Nxe4 14. Qxe4
Nf6 15. Qe2 Qd5 16. c4 Qe4 17. Rde1 Qxe2 18. Rxe2 O-O 19. Ne5 Rfd8 20. Bc3 c5
21. dxc5 Bxc5 22. Rh4 Nd7 23. Rg4 Nf6 24. Rf4 Rac8 25. Kc2 Rc7 26. g4 Nh7 27.
b4 Bf8 28. Rd2 Rxd2+ 29. Kxd2 Ng5 30. Ke3 f6 31. Ng6 Nf7 32. c5 e5 33. Rc4 b5
34. Re4 Ng5 35. Nh4 Nxe4 36. Kxe4 Rd7 37. Nf5 Rd1 38. Ne3 Rd8 39. Nd5 Rc8 40.
f3 Kf7 41. Bd2 Bxc5 42. bxc5 Rxc5 43. Be3 Rc2 44. Bxa7 Rxa2 45. Bc5 Rc2 46. Be3
Ke6 47. Kd3 Rc8 48. Nb4 f5 49. gxf5+ Kxf5 50. Bd2 Rc4 51. Nc2 Rh4 52. Ke2 Rxh5
53. Na3 Rh2+ 54. Ke3 Rxd2 55. Kxd2 b4 56. Nc4 h5 57. Ke3 h4 58. Kf2 b3 59. Kg2
g5 60. Kh3 Kf4 61. Kh2 Kxf3 62. Nxe5+ Ke4 0-1

[Event "Mistrzostwa Stowarzyszenia CROSS"]
[Site "Warszawa"]
[Date "2012.04.21"]
[Round "2"]
[White "Stolarczyk, Anna"]
[Black "Ruszczycki, Jacek"]
[Result "1-0"]
[WhiteElo "1999"]
[BlackElo "1901"]
[PlyCount "69"]
[EventDate "2012.04.20"]
[EventType "tourn"]
[EventRounds "1"]
[EventCountry "POL"]
[SourceDate "2012.04.20"]

1. d4 d5 2. c4 e6 3. Nc3 Nf6 4. Bg5 Nbd7 5. e3 c6 6. Nf3 Be7 7. Rc1 Qa5 8. Nd2
dxc4 9. Bxf6 Nxf6 10. Nxc4 Qg5 11. f4 Qg4 12. Qxg4 Nxg4 13. Be2 Nf6 14. O-O h5
15. g3 g6 16. Bf3 Kf8 17. Ne5 Bd7 18. Ne4 Be8 19. Nc5 Rb8 20. h3 Kg7 21. g4
hxg4 22. hxg4 Bd6 23. Nc4 Bc7 24. Rc3 Rh4 25. g5 Ng8 26. Rb3 b5 27. Na6 Rc8 28.
Nxc7 Rxc7 29. Nd6 Bd7 30. Rc1 a6 31. Ra3 Ra7 32. Bxc6 Bxc6 33. Rxc6 Ne7 34.
Rcxa6 Rc7 35. Ne8+ 1-0

[Event "Mistrzostwa Stowarzyszenia CROSS"]
[Site "Warszawa"]
[Date "2012.04.21"]
[Round "2"]
[White "Hagner, Pawel"]
[Black "Mackowiak, Marek"]
[Result "0-1"]
[WhiteElo "1777"]
[BlackElo "2195"]
[PlyCount "46"]
[EventDate "2012.04.20"]
[EventType "tourn"]
[EventRounds "1"]
[EventCountry "POL"]
[SourceDate "2012.04.20"]

1. d4 d5 2. Nf3 Nf6 3. Bg5 e6 4. e3 c5 5. c3 Nc6 6. Nbd2 h6 7. Bh4 Bd6 8. Bd3
a6 9. a4 e5 10. dxe5 Bxe5 11. Nxe5 Nxe5 12. Bc2 d4 13. exd4 cxd4 14. Ne4 d3 15.
Bb3 Bg4 16. f3 g5 17. Nxf6+ Qxf6 18. fxg4 gxh4 19. Rf1 Qb6 20. Kd2 O-O-O 21.
Rf4 Rhe8 22. Rb4 Qf2+ 23. Kc1 Nc6 0-1

[Event "Mistrzostwa Stowarzyszenia CROSS"]
[Site "Warszawa"]
[Date "2012.04.21"]
[Round "2"]
[White "Wolanski, Michal"]
[Black "Suder, Ryszard"]
[Result "0-1"]
[WhiteElo "1961"]
[BlackElo "2191"]
[PlyCount "54"]
[EventDate "2012.04.20"]
[EventType "tourn"]
[EventRounds "1"]
[EventCountry "POL"]
[SourceDate "2012.04.20"]

1. c4 Nf6 2. Nc3 d5 3. cxd5 Nxd5 4. Nf3 g6 5. Qa4+ Bd7 6. Qb3 Nb6 7. d4 Bg7 8.
e4 O-O 9. a4 a5 10. Bf4 c6 11. Be2 Be6 12. Qd1 Na6 13. O-O Nb4 14. Rc1 h6 15.
Nb1 Na2 16. Rc5 Nd7 17. d5 Nxc5 18. dxe6 Nxe6 19. Bd2 Nb4 20. Qc1 Kh7 21. h4
Nd4 22. Nxd4 Qxd4 23. Nc3 Qf6 24. h5 Rad8 25. f4 Nd3 26. Qc2 Qd4+ 27. Kh2 Nb4
0-1

[Event "Mistrzostwa Stowarzyszenia CROSS"]
[Site "Warszawa"]
[Date "2012.04.21"]
[Round "2"]
[White "Zoltek, Tadeusz"]
[Black "Stachanczyk, Jacek"]
[Result "1-0"]
[WhiteElo "2180"]
[BlackElo "2243"]
[PlyCount "59"]
[EventDate "2012.04.20"]
[EventType "tourn"]
[EventRounds "1"]
[EventCountry "POL"]
[SourceDate "2012.04.20"]

1. Nf3 d5 2. d4 Nf6 3. c4 c6 4. Nc3 dxc4 5. a4 Bf5 6. e3 e6 7. Bxc4 Bb4 8. O-O
O-O 9. Qe2 Nbd7 10. Rd1 Bg4 11. h3 Bh5 12. e4 Qe7 13. g4 Bg6 14. Nh4 Bxe4 15.
g5 Bxc3 16. gxf6 Qxf6 17. Qxe4 Bb4 18. Nf3 Qd8 19. Bg5 Be7 20. Bd3 g6 21. h4 h5
22. Bc4 Bxg5 23. Bxe6 Bf6 24. Qxg6+ Kh8 25. Qxh5+ Kg7 26. Qg4+ Kh8 27. Qh5+ Kg7
28. Kh1 fxe6 29. Rg1+ Bg5 30. Nxg5 1-0

[Event "Mistrzostwa Stowarzyszenia CROSS"]
[Site "Warszawa"]
[Date "2012.04.21"]
[Round "2"]
[White "Dukaczewski, Piotr"]
[Black "Gunajew, Rafal"]
[Result "1-0"]
[WhiteElo "2310"]
[BlackElo "2243"]
[PlyCount "61"]
[EventDate "2012.04.20"]
[EventType "tourn"]
[EventRounds "1"]
[EventCountry "POL"]
[SourceDate "2012.04.20"]

1. e4 c5 2. Nf3 d6 3. d4 cxd4 4. Nxd4 Nf6 5. Nc3 a6 6. Bc4 e6 7. Bb3 Nbd7 8. f4
Qa5 9. O-O Nc5 10. Be3 Nfxe4 11. Nxe4 Nxe4 12. f5 e5 13. Qh5 exd4 14. Bxf7+ Kd8
15. Bxd4 Nf6 16. Qh3 Kc7 17. Rae1 h6 18. Qh4 Bd7 19. Re3 Rc8 20. Ra3 Qd2 21.
Be3 Qe2 22. Qd4 Bc6 23. Qb6+ Kd7 24. Bf2 Qe4 25. Rf3 Nd5 26. Qa5 Nc7 27. Re1
Qa4 28. Be6+ Nxe6 29. fxe6+ Ke7 30. Rf7+ Ke8 31. Qh5 1-0

[Event "Mistrzostwa Stowarzyszenia CROSS"]
[Site "Warszawa"]
[Date "2012.04.22"]
[Round "3"]
[White "Gunajew, Rafal"]
[Black "Falkowski, Dawid"]
[Result "1-0"]
[WhiteElo "2243"]
[BlackElo "2005"]
[PlyCount "53"]
[EventDate "2012.04.20"]
[EventType "tourn"]
[EventRounds "1"]
[EventCountry "POL"]
[SourceDate "2012.04.20"]

1. e4 e5 2. Nf3 Nc6 3. Bc4 Bc5 4. d3 h6 5. c3 d6 6. a4 a6 7. Nbd2 Nf6 8. h3 Qe7
9. Bb3 Be6 10. Bc2 d5 11. Qe2 d4 12. Nf1 Qd7 13. Ng3 Be7 14. Bd2 Qc8 15. a5 b5
16. axb6 cxb6 17. O-O O-O 18. Rfc1 Nh7 19. Ba4 b5 20. cxd4 exd4 21. Ne5 Bd7 22.
Bb3 Qb7 23. Bd5 Rac8 24. Nf5 Rfe8 25. Nxd7 Qxd7 26. Qg4 Ne5 27. Qxg7# 1-0

[Event "Mistrzostwa Stowarzyszenia CROSS"]
[Site "Warszawa"]
[Date "2012.04.22"]
[Round "3"]
[White "Stachanczyk, Jacek"]
[Black "Dukaczewski, Piotr"]
[Result "1/2-1/2"]
[WhiteElo "2243"]
[BlackElo "2310"]
[Annotator "M"]
[PlyCount "101"]
[EventDate "2012.04.20"]
[EventType "tourn"]
[EventRounds "1"]
[EventCountry "POL"]
[SourceDate "2012.04.20"]

1. d4 d5 2. Nf3 Nf6 3. g3 c6 4. Bg2 Bf5 5. O-O e6 6. c4 Nbd7 7. b3 Bd6 8. Bb2
Qc7 9. Nc3 Ne4 10. Nh4 Nxc3 11. Bxc3 Bg4 12. Qd2 Nf6 13. f3 Bh5 14. e4 Be7 15.
Bh1 O-O-O 16. cxd5 exd5 17. e5 Nd7 18. Nf5 Bf8 19. Rac1 Kb8 20. f4 Nb6 21. Ne3
f6 22. a4 Qd7 23. a5 Na8 24. a6 b6 25. Bb4 Bxb4 26. Qxb4 Be2 27. Rfe1 Bxa6 28.
e6 Qxe6 29. Nxd5 Be2 30. Rxe2 Qxe2 31. Re1 Qb5 32. Qxb5 cxb5 33. Nb4 Kc7 34.
Nc6 Rde8 35. Rc1 Kd6 36. Nxa7 Re2 37. Bf3 Ra2 38. Nxb5+ Kd7 39. Bg4+ Ke7 40. d5
f5 41. Bxf5 Kf6 42. Bh3 Rd8 43. Rc6+ Kf7 44. d6 Re8 45. Rc1 Rd2 46. Bg4 Re3 47.
Nc7 Rxd6 48. Nxa8 Rxb3 49. Nc7 b5 50. Be2 Rb2 51. Bxb5 $11 1/2-1/2

[Event "Mistrzostwa Stowarzyszenia CROSS"]
[Site "Warszawa"]
[Date "2012.04.22"]
[Round "3"]
[White "Suder, Ryszard"]
[Black "Zoltek, Tadeusz"]
[Result "1/2-1/2"]
[WhiteElo "2191"]
[BlackElo "2180"]
[Annotator "M"]
[PlyCount "67"]
[EventDate "2012.04.20"]
[EventType "tourn"]
[EventRounds "1"]
[EventCountry "POL"]
[SourceDate "2012.04.20"]

1. Nf3 d5 2. g3 Nf6 3. Bg2 c6 4. O-O Bf5 5. d3 e6 6. Nbd2 h6 7. Qe1 Be7 8. e4
Bh7 9. Ne5 O-O 10. f4 dxe4 11. dxe4 Nbd7 12. Nxd7 Qxd7 13. Qe2 Rad8 14. Kh1 Qc7
15. g4 Nd7 16. Nf3 Nc5 17. e5 Rd7 18. a4 Rfd8 19. Be3 Ne4 20. Qc4 Qa5 21. f5
Qd5 22. Qxd5 Rxd5 23. Bxa7 exf5 24. gxf5 Bxf5 25. Bb6 Ra8 26. Nd4 Bg6 27. e6
fxe6 28. Nxe6 Rh5 29. Nf4 Ng3+ 30. Kg1 Nxf1 31. Nxh5 Bxh5 32. Bxf1 Bf6 33. c3
Bf7 34. a5 $11 1/2-1/2

[Event "Mistrzostwa Stowarzyszenia CROSS"]
[Site "Warszawa"]
[Date "2012.04.22"]
[Round "3"]
[White "Mackowiak, Marek"]
[Black "Wolanski, Michal"]
[Result "0-1"]
[WhiteElo "2195"]
[BlackElo "1961"]
[PlyCount "82"]
[EventDate "2012.04.20"]
[EventType "tourn"]
[EventRounds "1"]
[EventCountry "POL"]
[SourceDate "2012.04.20"]

1. e4 c5 2. Nf3 d6 3. c3 Nf6 4. Be2 g6 5. d3 Bg7 6. h3 Nc6 7. Be3 O-O 8. Qd2 c4
9. Na3 cxd3 10. Bxd3 a6 11. Nc4 Nd7 12. a4 Na5 13. Nxa5 Qxa5 14. b4 Qc7 15. Rc1
Nb6 16. Qc2 Nc4 17. Bxc4 Qxc4 18. Nd2 Qc6 19. a5 Be6 20. c4 f5 21. c5 f4 22.
Bxf4 Rxf4 23. cxd6 Qxd6 24. O-O Rc8 25. Qxc8+ Bxc8 26. Rxc8+ Rf8 27. Rc2 Qd3
28. Ra2 Bc3 29. Nf3 Qxe4 30. Rd1 Qxb4 31. Re2 Qxa5 32. Rxe7 Rd8 33. Rxd8+ Qxd8
34. Rxb7 a5 35. h4 a4 36. Ra7 Bb2 37. Ng5 Qd5 38. Nxh7 a3 39. Nf6+ Bxf6 40.
Rxa3 Qd1+ 41. Kh2 Qd6+ 0-1

[Event "Mistrzostwa Stowarzyszenia CROSS"]
[Site "Warszawa"]
[Date "2012.04.22"]
[Round "3"]
[White "Ruszczycki, Jacek"]
[Black "Hagner, Pawel"]
[Result "1-0"]
[WhiteElo "1901"]
[BlackElo "1777"]
[PlyCount "61"]
[EventDate "2012.04.20"]
[EventType "tourn"]
[EventRounds "1"]
[EventCountry "POL"]
[SourceDate "2012.04.20"]

1. e4 g6 2. f4 Bg7 3. d4 d6 4. Nf3 Nf6 5. c4 Nxe4 6. Bd3 Nf6 7. Nc3 O-O 8. Qc2
c5 9. d5 e5 10. fxe5 dxe5 11. Bg5 Nbd7 12. O-O-O Qa5 13. h4 h5 14. Bxf6 Bxf6
15. Bxg6 fxg6 16. Qxg6+ Bg7 17. Ng5 Nf6 18. Nce4 Qxa2 19. Rhf1 Qa6 20. d6 Qxc4+
21. Kb1 Be6 22. Nxf6+ Rxf6 23. Rxf6 Qa2+ 24. Kc1 Qa1+ 25. Kd2 Qxb2+ 26. Ke1
Qc3+ 27. Kf2 Bf5 28. Rxf5 Qc2+ 29. Kg3 Qb3+ 30. Kh2 Qxd1 31. Qh7# 1-0

[Event "Mistrzostwa Stowarzyszenia CROSS"]
[Site "Warszawa"]
[Date "2012.04.22"]
[Round "3"]
[White "Kulpinski, Piotr"]
[Black "Stolarczyk, Anna"]
[Result "1-0"]
[WhiteElo "1965"]
[BlackElo "1999"]
[PlyCount "55"]
[EventDate "2012.04.20"]
[EventType "tourn"]
[EventRounds "1"]
[EventCountry "POL"]
[SourceDate "2012.04.20"]

1. d4 d5 2. Nf3 c6 3. c4 Nf6 4. e3 Bf5 5. Nc3 e6 6. Nh4 Bg4 7. Qb3 b6 8. h3 Bh5
9. g4 Bg6 10. Nxg6 hxg6 11. Bg2 Bd6 12. Bd2 a6 13. O-O-O b5 14. cxd5 cxd5 15.
e4 b4 16. Nxd5 exd5 17. e5 Nc6 18. exf6 O-O 19. fxg7 Kxg7 20. Qxd5 Rc8 21. Kb1
Qf6 22. Bg5 Qxf2 23. Rhf1 Qg3 24. Rf3 Qh2 25. Bf6+ Kh7 26. Qg5 Bg3 27. Rxg3
Qxg3 28. Be4 1-0

[Event "Mistrzostwa Stowarzyszenia CROSS"]
[Site "Warszawa"]
[Date "2012.04.23"]
[Round "4"]
[White "Falkowski, Dawid"]
[Black "Stolarczyk, Anna"]
[Result "1-0"]
[WhiteElo "2005"]
[BlackElo "1999"]
[PlyCount "83"]
[EventDate "2012.04.20"]
[EventType "tourn"]
[EventRounds "1"]
[EventCountry "POL"]
[SourceDate "2012.04.20"]

1. e4 c5 2. Nc3 Nc6 3. g3 g6 4. Bg2 Bg7 5. d3 e6 6. Be3 d6 7. Qd2 Rb8 8. Nge2
Nd4 9. Nc1 b5 10. Nd1 Ne7 11. c3 Ndc6 12. Bh6 O-O 13. h4 f6 14. Bxg7 Kxg7 15.
Ne2 e5 16. f4 h6 17. Ne3 Qb6 18. g4 exf4 19. Nxf4 Ne5 20. Qe2 Bd7 21. O-O-O c4
22. d4 Nf7 23. Qc2 Nh8 24. Rdg1 Rfc8 25. Bf3 b4 26. Ned5 Nxd5 27. Nxd5 Qa5 28.
Nxb4 Nf7 29. h5 g5 30. e5 dxe5 31. Qg6+ Kf8 32. Bd5 Be8 33. Be6 exd4 34. Rf1
dxc3 35. Rxf6 cxb2+ 36. Kb1 Ke7 37. Rxf7+ Bxf7 38. Qxf7+ Kd6 39. Rd1+ Kc5 40.
Qe7+ Kb6 41. Qd6+ Kb5 42. Bd7+ 1-0

[Event "Mistrzostwa Stowarzyszenia CROSS"]
[Site "Warszawa"]
[Date "2012.04.23"]
[Round "4"]
[White "Hagner, Pawel"]
[Black "Kulpinski, Piotr"]
[Result "1-0"]
[WhiteElo "1777"]
[BlackElo "1965"]
[PlyCount "103"]
[EventDate "2012.04.20"]
[EventType "tourn"]
[EventRounds "1"]
[EventCountry "POL"]
[SourceDate "2012.04.20"]

1. d4 d5 2. Nf3 Nf6 3. Bg5 Nbd7 4. e3 c5 5. c3 Ne4 6. Bh4 Qb6 7. Qb3 e6 8. Nbd2
Nxd2 9. Nxd2 Bd6 10. Nf3 O-O 11. Qc2 Re8 12. Bg3 cxd4 13. exd4 e5 14. dxe5 Nxe5
15. O-O-O Nxf3 16. gxf3 Be6 17. Rd4 Be7 18. Be5 Rac8 19. Rg1 g6 20. Bd3 Bc5 21.
Bxg6 Bxd4 22. Bxf7+ Kf8 23. Rg8+ Ke7 24. Rxe8+ Kxf7 25. Bxd4 Qxd4 26. Rxe6 Qf4+
27. Re3 Kg8 28. Qb3 Qf7 29. Kd2 Kh8 30. Qb4 Rc4 31. Qd6 Rc8 32. Re7 Qf5 33.
Qe5+ Qxe5 34. Rxe5 Rd8 35. Kd3 Rd7 36. Kd4 Rf7 37. Re3 Kg7 38. Kxd5 Rd7+ 39.
Kc4 b5+ 40. Kxb5 Rb7+ 41. Kc4 Rxb2 42. Re7+ Kg6 43. Rxa7 Rxf2 44. a4 Rxf3 45.
a5 Rh3 46. a6 Rxh2 47. Rb7 Ra2 48. Kb5 h5 49. a7 Rb2+ 50. Kc6 Ra2 51. Kc7 h4
52. Kb8 1-0

[Event "Mistrzostwa Stowarzyszenia CROSS"]
[Site "Warszawa"]
[Date "2012.04.23"]
[Round "4"]
[White "Wolanski, Michal"]
[Black "Ruszczycki, Jacek"]
[Result "1-0"]
[WhiteElo "1961"]
[BlackElo "1901"]
[PlyCount "93"]
[EventDate "2012.04.20"]
[EventType "tourn"]
[EventRounds "1"]
[EventCountry "POL"]
[SourceDate "2012.04.20"]

1. c4 g6 2. Nc3 c5 3. Nf3 Nc6 4. g3 Bg7 5. Bg2 d6 6. O-O Nf6 7. d4 cxd4 8. Nxd4
Bd7 9. Nc2 Qc8 10. Rb1 Bh3 11. Bg5 h5 12. Ne3 Nh7 13. Bxe7 Bxg2 14. Nxg2 Nxe7
15. Nb5 O-O 16. Nxd6 Qc6 17. Nb5 Rfd8 18. Qb3 Ng5 19. f3 a6 20. Nc3 Nf5 21. Nd5
Kh7 22. e4 Nh3+ 23. Kh1 Nd4 24. Qd3 Ng5 25. b3 Nge6 26. f4 Nc7 27. Nge3 b5 28.
Rbc1 Nce6 29. Qd1 Qb7 30. f5 Ng5 31. f6 Nxb3 32. axb3 Bh6 33. Qc2 Re8 34. c5
Qc6 35. Ne7 Qxe4+ 36. Qxe4 Nxe4 37. N3d5 Bxc1 38. Rxc1 Kh6 39. Nc7 Nxf6 40.
Nxe8 Rxe8 41. c6 Ne4 42. c7 Nd6 43. Re1 Kg5 44. Kg2 f5 45. Re6 h4 46. Rxg6+ Kh5
47. Rxd6 1-0

[Event "Mistrzostwa Stowarzyszenia CROSS"]
[Site "Warszawa"]
[Date "2012.04.23"]
[Round "4"]
[White "Zoltek, Tadeusz"]
[Black "Mackowiak, Marek"]
[Result "1/2-1/2"]
[WhiteElo "2180"]
[BlackElo "2195"]
[PlyCount "130"]
[EventDate "2012.04.20"]
[EventType "tourn"]
[EventRounds "1"]
[EventCountry "POL"]
[SourceDate "2012.04.20"]

1. Nf3 g6 2. c4 Bg7 3. Nc3 d6 4. g3 f5 5. d4 Nf6 6. Bg2 O-O 7. O-O h6 8. Qc2 c6
9. Nh4 Qe8 10. e4 fxe4 11. Nxe4 g5 12. Nxf6+ Rxf6 13. Nf3 Bf5 14. Qb3 Qd7 15.
Bd2 Na6 16. h4 g4 17. Ne1 Raf8 18. Be3 Be6 19. Rd1 Bf7 20. Nd3 b5 21. Ne5 dxe5
22. dxe5 Rd6 23. exd6 Bxc4 24. Qa3 b4 25. Qa4 Bb5 26. dxe7 Qxe7 27. Qb3+ Kh8
28. Rfe1 Qf6 29. Rd7 c5 30. Rxa7 c4 31. Qd1 Rd8 32. Qxg4 c3 33. bxc3 bxc3 34.
Be4 Nb4 35. Rb7 Nd3 36. Rb6 Ne5 37. Qh5 Be8 38. Qe2 Qf8 39. f4 Nd7 40. Rbb1 Nf6
41. Bf3 Bg6 42. Rbc1 Ne4 43. Bxe4 Bxe4 44. Bf2 Ba8 45. Qe7 Qg8 46. Qe6 Qf8 47.
Qe7 Qg8 48. Re6 Bd5 49. Rg6 Ra8 50. a3 Bf7 51. Rxg7 Qxg7 52. Qe4 Rd8 53. Qe5
Qxe5 54. fxe5 Rd3 55. Be1 c2 56. Rxc2 Rxa3 57. Rc8+ Kh7 58. Rc7 Kg8 59. Rc8+
Kh7 60. Bc3 Ra6 61. Kf2 h5 62. Ke3 Be6 63. Rd8 Kg6 64. Rd6 Rxd6 65. exd6 Kf7
1/2-1/2

[Event "Mistrzostwa Stowarzyszenia CROSS"]
[Site "Warszawa"]
[Date "2012.04.23"]
[Round "4"]
[White "Dukaczewski, Piotr"]
[Black "Suder, Ryszard"]
[Result "1-0"]
[WhiteElo "2310"]
[BlackElo "2191"]
[PlyCount "65"]
[EventDate "2012.04.20"]
[EventType "tourn"]
[EventRounds "1"]
[EventCountry "POL"]
[SourceDate "2012.04.20"]

1. e4 d6 2. d4 Nf6 3. Nc3 g6 4. f4 Bg7 5. Nf3 O-O 6. Bd3 Nc6 7. e5 dxe5 8. fxe5
Nh5 9. Be3 Bg4 10. Be2 f6 11. exf6 Bxf6 12. O-O Ng7 13. d5 Bxf3 14. Rxf3 Ne5
15. Rh3 Nf5 16. Bf2 Nf7 17. Ne4 Ng5 18. Nxg5 Bxg5 19. c4 Qd7 20. Qb3 b6 21. Rd1
Kg7 22. Qd3 a5 23. Re1 Rae8 24. Bd1 Bf6 25. g4 Nd6 26. Re6 Nf7 27. Bc2 Rg8 28.
Rg3 Ng5 29. Rc6 e5 30. Ba4 Qe7 31. h4 e4 32. hxg5 exd3 33. gxf6+ 1-0

[Event "Mistrzostwa Stowarzyszenia CROSS"]
[Site "Warszawa"]
[Date "2012.04.23"]
[Round "4"]
[White "Gunajew, Rafal"]
[Black "Stachanczyk, Jacek"]
[Result "1/2-1/2"]
[WhiteElo "2243"]
[BlackElo "2243"]
[Annotator "M"]
[PlyCount "38"]
[EventDate "2012.04.20"]
[EventType "tourn"]
[EventRounds "1"]
[EventCountry "POL"]
[SourceDate "2012.04.20"]

1. e4 c5 2. Nf3 Nc6 3. c3 Nf6 4. Bd3 d5 5. e5 Nd7 6. Bb5 Qc7 7. d4 a6 8. Ba4
cxd4 9. cxd4 Nb6 10. Nc3 Bg4 11. Bxc6+ Qxc6 12. h3 Bh5 13. O-O e6 14. Be3 Nc4
15. Qe2 Qb6 16. Na4 Qb5 17. Nc3 Qb6 18. Na4 Qb5 19. Nc3 Qb6 $11 1/2-1/2